00338nam a2200133Ia 450000500170000000800410001702000150005808200130007310000180008624500270010426000290013130000130016050000310017320250317021229.0240331s9999 xx 000 0 und d a9555911002 bAYIa891 aAyithmathaw,C 0aMaha purusha kanthawak aRajagiriyabKurulu Books a140 p ., aStory of a Historical lady